| 000 | 00400cam a22001217a 4500 | ||
|---|---|---|---|
| 008 | 180718b1965 xxu||||| |||| 00| 0 eng d | ||
| 082 | _aA81x54 In2/61/6/PT2B | ||
| 100 | _aCensus of India 1961 | ||
| 245 | _aJammu and Kashmir: general economic tables | ||
| 260 |
_aDelhi _bThe Manager of Publications _c1965 |
||
| 300 | _a489+p. | ||
| 440 | _aCensus of India 1961. Volume VI, Jammu and Kashmir. Part II-B | ||
| 999 |
_c484178 _d484178 |
||